[Event "Oberliga Wuerttemberg 0102"]
[Site "Wuerttemberg"]
[Date "2002.??.??"]
[Round "9"]
[White "Wittmann, Uwe"]
[Black "Gabriel, Josef"]
[Result "0-1"]
[WhiteElo "1989"]
[BlackElo "2060"]
[PlyCount "130"]
[EventDate "2001.10.01"]
[EventType "team-tourn"]
[EventRounds "9"]
[EventCountry "GER"]
[SourceTitle "EXT 2019"]
[Source "ChessBase"]
[SourceDate "2018.10.10"]
[SourceVersion "1"]
[SourceVersionDate "2018.10.10"]
[SourceQuality "1"]
[WhiteTeam "Sindelfingen"]
[BlackTeam "Stuttgart SF II"]
[WhiteTeamCountry "GER"]
[BlackTeamCountry "GER"]

1. e4 g6 2. Nc3 Bg7 3. f4 c6 4. Nf3 d5 5. e5 h5 6. d4 Nh6 7. Bd3 Bg4 8. 0-0 e6 9. h3 Bxf3 10. Qxf3 h4 11. Be3 Bf8 12. Ne2 Be7 13. c3 Nf5 14. Bf2 Nd7 15. b3 Kf8 16. Rac1 Kg7 17. Rfd1 Rc8 18. c4 Qa5 19. Rc2 b5 20. Bxf5 gxf5 21. cxd5 cxd5 22. Rdc1 Rxc2 23. Rxc2 b4 24. Qd3 Nf8 25. Be3 Ng6 26. Kf2 Qb6 27. Rc1 a5 28. Qc2 Ra8 29. Qc6 Qa7 30. Rc2 Rb8 31. Qc7 Rb7 32. Qc6 Bf8 33. Rc1 Ne7 34. Qc2 Qa6 35. Ng1 Ra7 36. Qe2 Qb7 37. Qc2 Qa8 38. Nf3 a4 39. Rb1 axb3 40. axb3 Ng6 41. Rb2 Qb8 42. Qd2 Ra3 43. Qc2 Kg8 44. Ng1 Bh6 45. Ne2 Qb5 46. Qc8+ Bf8 47. Qc2 Qa6 48. Rb1 Ne7 49. Rb2 Nc6 50. Nc1 Na7 51. Qd3 Nb5 52. Ne2 Ra1 53. Nc1 Qc6 54. Rb1 Ra3 55. Kf3 Nc3 56. Rb2 f6 57. Rc2 fxe5 58. fxe5 Qe8 59. Kf2 Ra1 60. Kg1 Qh5 61. Kh2 Bh6 62. Bd2 Ne4 63. Rc8+ Kh7 64. Rc7+ Kg6 65. Bxh6 Qxh6 0-1